01277nam a2200337 i 4500003001000000005001700010007000300027008004100030020001500071040003500086041000800121043001200129082002700141100003000168245013100198250002200329264004200351300004700393336002700440337003300467338002800500650006400528650005200592650005800644650006700702650007600769700002600845700004100871942001200912999001500924CO-BoRNBP20220317000141.0ta200420s2009 ck ab0 gr s sspa d a9588294002 aCO-BoRNBPbspaerdacCO-BoRNBP0 aspa as-ck---04a591.68098612bR62a2231 aRodríguez, Luchoeautor10aAnimales en extinción Colombiabregión de los Andescescrito e ilustrado por Lucho Rodríguez ; leyendas de Valeria Baena aPrimera edición 1aBogotá, ColombiabEdiciones Bc2009 a28 páginasbilustraciones y mapasc18 cm atextobtxt2rdacontent asin mediaciónbn2rdamedia avolumenbnc2rdacarrier17aEcosistemas vulnerableszAndes (Región, Colombia)2ARMARC17aEcosistemaszAndes (Región, Colombia)2ARMARC17aEspecies amenazadaszAndes (Región, Colombia)2LEMB17aConservación de especieszAndes (Región, Colombia)2ARMARC17aConservación de la vida silvestrezAndes (Región, Colombia)2ARMARC1 aBaena, Valeria9165501 aRodríguez, Luchoeilustrador99457 2ddccBK c3235d3235